|
|
|
|
| LEADER |
01015nam a22002772a 4500 |
| 001 |
001373422 |
| 003 |
CZ BrMZK |
| 005 |
20140313141609.0 |
| 007 |
ta |
| 008 |
140312s1963 xr er|||||||||||cze d |
| 015 |
|
|
|a cnb000519723
|
| 035 |
|
|
|a (OCoLC)85343761
|
| 040 |
|
|
|a ABA001
|b cze
|c HKA001
|d BOA001
|
| 080 |
9 |
|
|a 621.775.75:621.822.5/.7(022)
|
| 100 |
1 |
|
|a Ministr, Zdeněk,
|d 1926-2004
|7 pna2004259277
|4 aut
|
| 245 |
1 |
0 |
|a Strojní součásti z práškových kovů /
|c Zdeněk Ministr
|
| 250 |
|
|
|a 1. vyd.
|
| 260 |
|
|
|a Praha :
|b Státní nakladatelství technické literatury,
|c 1963
|
| 300 |
|
|
|a 215 s., 8 s. obr. příl.
|
| 504 |
|
|
|a Obsahuje bibliografii
|
| 500 |
|
|
|a Dostupné též v digitální podobě v aplikaci Kramerius
|
| 856 |
4 |
1 |
|u http://www.digitalniknihovna.cz/mzk/uuid/uuid:6abf7c90-5821-11e9-936e-005056827e52
|y Digitalizovaný dokument
|x NDK
|
| 910 |
|
|
|a BOA001
|b 2-0508.417
|
| 990 |
|
|
|a BK
|
| 991 |
|
|
|b 201403
|
| 996 |
7 |
|
|b 2619047498
|c 2-0508.417
|l HP2
|r DEN
|n 0
|w 001408442
|u 000010
|a 1
|e BOA001
|j MZK50
|s A
|